|
|
|
|
| LEADER |
00000nam0a2200000 4500 |
| 001 |
375198 |
| 005 |
20231102012720.0 |
| 035 |
|
|
|a (RuTPU)RU\TPU\retro\32637
|
| 035 |
|
|
|a RU\TPU\book\318872
|
| 090 |
|
|
|a 375198
|
| 100 |
|
|
|a 20221220d1969 m y0rusy50 ca
|
| 101 |
0 |
|
|a rus
|
| 102 |
|
|
|a RU
|
| 105 |
|
|
|a a z 001ab
|
| 200 |
1 |
|
|a Сердце остается одно. Достоевский в Казахстане
|e документальные повести
|f П. П. Косенко
|
| 210 |
|
|
|a Алма-Ата
|c Жазушы
|d 1969
|
| 215 |
|
|
|a 178 с.
|c ил.
|
| 320 |
|
|
|a Библиогр. : с. 176-177
|
| 600 |
|
1 |
|a Достоевский
|g Федор Михайлович
|f 1821-1881
|c русский писатель
|b Ф. М.
|2 stltpush
|3 (RuTPU)RU\TPU\pers\1038
|
| 606 |
1 |
|
|a Русская литература современная
|2 stltpush
|3 (RuTPU)RU\TPU\subj\26373
|9 50316
|
| 610 |
1 |
|
|a художественная литература
|
| 610 |
1 |
|
|a документальные повести
|
| 610 |
1 |
|
|a советская литература
|
| 610 |
1 |
|
|a русские писатели
|
| 610 |
1 |
|
|a 19 век
|
| 675 |
|
|
|a Р2
|v 4
|
| 700 |
|
1 |
|a Косенко
|b П. П.
|g Павел Петрович
|4 070
|
| 801 |
|
1 |
|a RU
|b 63413507
|c 20150506
|
| 801 |
|
2 |
|a RU
|b 63413507
|c 20221220
|g RCR
|
| 942 |
|
|
|c BK
|